Việt ngữ học nước ngoài : Chuyên đề thông tin khoa học xã hội /
محفوظ في:
| مؤلفون آخرون: | , , |
|---|---|
| التنسيق: | Sách giấy |
| اللغة: | Vietnamese |
| منشور في: |
Hà Nội :
Viện Thông tin Khoa học xã hội ,
1998
|
| الوسوم: |
إضافة وسم
لا توجد وسوم, كن أول من يضع وسما على هذه التسجيلة!
|
| Thư viện lưu trữ: | Thư viện Trường Đại học Đà Lạt |
|---|
| LEADER | 00734nam a2200265 4500 | ||
|---|---|---|---|
| 001 | DLU020018918 | ||
| 005 | ##10/19/2001 | ||
| 020 | # | # | |a 978- |
| 041 | # | # | |a vie |
| 082 | # | # | |a 495.922 |b Vie |
| 245 | # | # | |a Việt ngữ học nước ngoài : |b Chuyên đề thông tin khoa học xã hội / |c Vương Toàn, Hoàng Thị Châu, Vương Lực, ... |
| 260 | # | # | |a Hà Nội : |b Viện Thông tin Khoa học xã hội , |c 1998 |
| 300 | # | # | |a 196 tr.; |c 19 cm. |
| 700 | # | # | |a Hoàng Thị Châu |
| 700 | # | # | |a Vương Lực |
| 700 | # | # | |a Vương Toàn |
| 992 | # | # | |a 14000 |
| 994 | # | # | |a DLU |
| 900 | # | # | |a False |
| 911 | # | # | |a Administrator |
| 925 | # | # | |a G |
| 926 | # | # | |a A |
| 927 | # | # | |a SH |
| 980 | # | # | |a Thư viện Trường Đại học Đà Lạt |